000 00791cam a22002771 4500
001 10319369
003 GBCCL
005 20241126110404.0
008 720622s1963 tnu b 000 0 eng
010 _a 63019072
035 _a(OCoLC)338086
040 _aDLC
_cOU
_dOCoLC
_dMnDuStS
_dDLC
042 _apremarc
043 _an-us---
050 0 0 _aBM205
_b.M4
082 0 _a296.0973
_bMEE
100 1 _aMenkus, Belden,
_eed.
_93202
245 1 0 _aMeet the American Jew.
_cAssisted by Arthur Gilbert.
260 _aNashville,
_bBroadman Press [1963]
300 _a164 p.
_c22 cm.
504 _aBibliographical footnotes.
650 0 _aJudaism
_zUnited States.
_93203
650 0 _aJews
_zUnited States.
_93204
906 _a7
_bcbc
_coclcrpl
_du
_encip
_f19
_gy-gencatlg
942 _2ddc
_cBK
_01
999 _c1580
_d1580